VAINQUEUR DES 3 GRANDS TOURS DEPUIS 2015 - Statistiques

Statistiques générales
  • Ce quiz a été pris 54 fois
  • Le résultat moyen est 23 sur 33
Statistiques - réponses
TOUR VAINQUEUR % Correct
TOUR DE FRANCE 2020 POGACAR
100%
TOUR DE FRANCE 2021 POGACAR
100%
GIRO 2024 POGACAR
100%
TOUR DE FRANCE 2024 POGACAR
100%
TOUR DE FRANCE 2025 POGACAR
100%
TOUR DE FRANCE 2022 VINGEGAARD
92%
TOUR DE FRANCE 2023 VINGEGAARD
92%
VUELTA 2025 VINGEGAARD
92%
TOUR DE FRANCE 2015 FROOME
90%
TOUR DE FRANCE 2016 FROOME
90%
VUELTA 2017 FROOME
90%
TOUR DE FRANCE 2017 FROOME
90%
GIRO 2018 FROOME
90%
TOUR DE FRANCE 2019 BERNAL
73%
GIRO 2021 BERNAL
73%
TOUR DE FRANCE 2018 THOMAS
71%
VUELTA 2022 EVENEPOEL
67%
GIRO 2016 NIBALI
65%
VUELTA 2019 ROGLIC
65%
VUELTA 2020 ROGLIC
65%
VUELTA 2021 ROGLIC
65%
GIRO 2023 ROGLIC
65%
VUELTA 2024 ROGLIC
65%
GIRO 2015 CONTADOR
59%
VUELTA 2016 QUINTANA
53%
VUELTA 2018 YATES
53%
GIRO 2025 YATES
53%
GIRO 2017 DUMOULIN
45%
GIRO 2019 CARAPAZ
43%
VUELTA 2023 KUSS
43%
GIRO 2022 HINDLEY
41%
VUELTA 2015 ARU
29%
GIRO 2020 GEOGHEGAN
20%
Aucun quiz correspondant
Distribution des résultats
% des personnes avec chaque résultat
Percentile par nombre de réponses
Votre historique - résultats
Vous n’avez pas pris ce quiz